Normal view
MARC view
Entry Personal Name
001 - CONTROL NUMBER
- control field: 3142
003 - CONTROL NUMBER IDENTIFIER
- control field: OSt
005 - DATE AND TIME OF LATEST TRANSACTION
- control field: 20190307131020.0
008 - FIXED-LENGTH DATA ELEMENTS
- fixed length control field: 190307|| aca||aabn | a|a d
040 ## - CATALOGING SOURCE
- Original cataloging agency: OSt
- Transcribing agency: OSt
100 ## - HEADING--PERSONAL NAME
- Personal name: Misra, Kamlesh Narayan
670 ## - SOURCE DATA FOUND
- Source citation: Work cat.: (OSt)508089: Misra, Kamlesh Narayan, Paryaavaran sanrakshan maiin bhartiye niyaamko ki bhumika: aik adhyayan, 2018
